000 01638nam a2200313 4500
999 _c83247
_d320524
003 OSt
005 20220927162301.0
008 030308s1999 su g 00000 ara dd
040 _aMa-Un
_bara
_cMa-Un
041 _aعربي
082 0 4 _a237.3
_bس م ن
_221
100 1 _aالسفاريني، محمد بن أحمد بن سالم،
_d1114-1188 هـ.
_93059
245 1 0 _aنتائج الأفكار في شرح حديث سيد الاستغفار /
_cتأليف أبي العون محمد بن أحمد السفاريني ؛ أشرف عليه وتشرف بخدمته عبد العزيز بن سليمان الهبدان، عبد العزيز إبراهيم الدخيل.
250 _aط. 2، مصححة ومنقحة.
264 _aالرياض :
_bدار الصميعي للنشر والتوزيع،
_c1999
_m1420.
300 _a364 ص. ؛
_c24 سم.
490 _aسلسلة المؤلفات والأسفار السفارينية ؛
_v1
504 _aيشتمل على قائمة ببليوجرافية.
650 7 _aالحديث
_xالجوامع (عدا ما ذكر في الكتب الستة)
_9104617
650 7 _aالحديث
_xجوامع الفنون
_9104618
650 7 _aحديث الأحكام
_9104619
650 7 _aالأدعية (إسلام)
_9302
700 1 _aالهبدان، عبد العزيز بن سليمان،
_eمشرف.
_9104608
700 1 _aالدخيل، عبد العزيز بن إبراهيم،
_eمشرف.
_9104609
942 _2ddc
_cBOOK
440 0 _aسلسلة المؤلفات والأسفار السفارينية ؛
_v1.
_9104606
535 2 _a6
740 0 2 _aحديث سيد الاستغفار.